| 000 | 00455nam a2200181Ia 4500 | ||
|---|---|---|---|
| 005 | 20250508160839.0 | ||
| 008 | 008 250505s9999 xx 000 0 eng d | ||
| 037 | _aTextual | ||
| 040 |
_aFEDL _beng _cFEDL |
||
| 041 |
_aeng _2eng |
||
| 084 |
_a301, OPE _qFEDL |
||
| 245 | 0 | _aSociological perspectives | |
| 245 | 4 | _cThe Open University | |
| 300 | _a75p. | ||
| 650 | _aSociology | ||
| 942 |
_cTEXL _h301, OPE |
||
| 999 |
_c1366960 _d1366960 |
||